| 000 | 00666nam a2200217 a 4500 | ||
|---|---|---|---|
| 001 | BRL_685 | ||
| 005 | 20190320210843.0 | ||
| 008 | 250913s1967----mx-a######---#000-0#spa-# | ||
| 041 | _aspa | ||
| 044 | _amx | ||
| 050 | 4 |
_aN7443 _b.A78 1967 |
|
| 245 | 1 | 0 |
_a50 [cincuenta] Artistas opinan sobre el arte _cSelección y notas de Alberto Beltrán. |
| 260 |
_aMéxico _bSEP, Subsecretaría de Asuntos Culturales _c1967 |
||
| 300 |
_a110 p. _bil. _c17 cm. |
||
| 440 | 0 |
_aCuadernos de lectura popular. Serie: La Honda del espíritu _v122 _924647 |
|
| 500 | _aAu803 | ||
| 650 | 1 | 4 |
_aArte _xCitas _924648 |
| 700 | 1 |
_aBeltrán, Alberto _99572 |
|
| 902 | _aGRL | ||
| 942 |
_2lcc _cB |
||
| 999 |
_c9497 _d9497 |
||